书目信息 |
| 题名: |
龙门石窟
|
|
| 作者: | 李振刚 主编 | |
| 分册: | ||
| 出版信息: | 郑州 河南人民出版社 2006.05 |
|
| 页数: | 156页 | |
| 开本: | 26cm | |
| 丛书名: | ||
| 单 册: | ||
| 中图分类: | K879.23 | |
| 科图分类: | ||
| 主题词: | ||
| 电子资源: | ||
| ISBN: | 7-215-05903-0 | |
| 000 | 00855nam0 2200217 450 | |
| 001 | 012006877908 | |
| 005 | 20061128101544.10 | |
| 010 | @a7-215-05903-0@dCNY98.00 | |
| 100 | @a20061027d2006 km y0chiy0120 ea | |
| 101 | 0 | @achi@aeng |
| 102 | @aCN@b410000 | |
| 105 | @aa z 000yy | |
| 200 | 1 | @a龙门石窟@Along men shi ku@e[中英文本]@f李振刚主编@Fli zhen gang zhu bian |
| 210 | @a郑州@c河南人民出版社@d2006.05 | |
| 215 | @a156页@c图@d26cm | |
| 330 | @a龙门石窟是我国四大石窟之一,龙门石窟位于河南省洛阳市南十三公里处,它同甘肃的敦煌石窟、山西大同的云冈石窟并称中国古代佛教石窟艺术的三大宝库。龙门石窟凿于北魏孝文帝迁都洛阳(公元494年),直至北宋,现存佛像十万余尊,窟龛二千三百多个。 | |
| 607 | 0 | @a龙门石窟@Along men shi ku@x简介 |
| 690 | @aK879.23@v4 | |
| 701 | 0 | @a李振刚@Ali zhen gang@4主编 |
| 801 | 0 | @aCN@c20061128 |
| 905 | @a10447@dK879.23@eL331 | |
| 龙门石窟:[中英文本]/李振刚主编.-郑州:河南人民出版社,2006.05 |
| 156页:图;26cm |
| ISBN 7-215-05903-0:CNY98.00 |
| 龙门石窟是我国四大石窟之一,龙门石窟位于河南省洛阳市南十三公里处,它同甘肃的敦煌石窟、山西大同的云冈石窟并称中国古代佛教石窟艺术的三大宝库。龙门石窟凿于北魏孝文帝迁都洛阳(公元494年),直至北宋,现存佛像十万余尊,窟龛二千三百多个。 |
| ● |
| 相关链接 |
|
|
|
正题名:龙门石窟
索取号:K879.23/L331
 
预约/预借
| 序号 | 登录号 | 条形码 | 馆藏地/架位号 | 状态 | 备注 |
| 1 | 223433 | 202234331 | 社科库309/309社科库 9排3列5层/ [索取号:K879.23/L331] | 在馆 |